00518nam a2200145 a 450000500170000000800410001702000180005805000230007610000160009924500340011526000390014952001450018865000190033365000200035220140412111411.0070221s19uu xx 00 eng d a0-698-11652-1 aTR(PS EbDr78 1992 aCarle, Eric aDraw me a star /cEric carle. aNew york :bPenguin putnam,c1992. aAn artist's drawing of a star begins the creation on entire universe around hi as each successive pictured object request that he draw more. aArtist-fiction aDrawing-fiction